000 00255nam a2200109Ia 4500
008 190216s9999||||xx |||||||||||||| ||und||
100 _aVelayudhan Ps
245 0 _aBrief History Of The World
260 _bViswanathan S.
650 _aHistory
942 _cBK
999 _c18646
_d18646